[Event "GRENKE Chess Open 2024"]
[Site "Karlsruhe GER"]
[Date "2024.03.30"]
[Round "5.53"]
[White "Mirimanian, Hayk"]
[Black "Peyrer, Konstantin"]
[Result "0-1"]
[WhiteTitle "FM"]
[BlackTitle "IM"]
[WhiteElo "2283"]
[BlackElo "2434"]
[WhiteFideId "4700180"]
[BlackFideId "1640879"]
[EventDate "2024.03.28"]

1. e4 c5 2. Nf3 d6 3. Bb5+ Nd7 4. O-O a6 5. Bxd7+ Bxd7 6. c3 Nf6 7. Re1 Bc6 8.
d4 Bxe4 9. Bg5 Bc6 10. Bxf6 gxf6 11. d5 Bd7 12. Nh4 Rg8 13. Qf3 Bg4 14. Qf4 e5
15. dxe6 Bxe6 16. c4 Qd7 17. Nc3 O-O-O 18. f3 f5 19. Nd5 Bxd5 20. cxd5 Bg7 21.
Re2 Rge8 22. Rae1 Bxb2 23. Nxf5 Be5 24. Qg5 Kb8 25. f4 Bc3 26. Rxe8 Rxe8 27.
Rxe8+ Qxe8 28. h4 c4 29. Nxd6 Qf8 30. Ne4 Bd4+ 31. Kh2 f5 32. Ng3 c3 33. d6 Qxd6
34. Qxf5 Be3 35. Qxh7 Qxf4 36. Kh3 Bd4 37. Qg8+ Ka7 38. Qc4 Qd2 39. Ne2 c2 40.
g4 Qe3+ 41. Kg2 Qe4+ 42. Kh3 c1=Q 43. Nxc1 Qf3+ 44. Kh2 Qf2+ 45. Kh3 Be5 0-1

[Event "GRENKE Chess Open 2024"]
[Site "Karlsruhe GER"]
[Date "2024.03.31"]
[Round "6.9"]
[White "Mishra, Abhimanyu"]
[Black "Feuerstack, Aljoscha"]
[Result "1-0"]
[WhiteTitle "GM"]
[BlackTitle "IM"]
[WhiteElo "2627"]
[BlackElo "2471"]
[WhiteFideId "30920019"]
[BlackFideId "4681932"]
[EventDate "2024.03.28"]

1. e4 c5 2. Nf3 e6 3. d4 cxd4 4. Nxd4 Nf6 5. Nc3 Nc6 6. Bf4 Bb4 7. Nb5 O-O 8.
Bc7 Qe7 9. Bd6 Bxd6 10. Qxd6 Qd8 11. O-O-O a6 12. Nd4 Ne7 13. h4 b5 14. a3 Bb7
15. f3 Ne8 16. Qf4 Rc8 17. g4 Qc7 18. Qg5 d5 19. e5 Nc6 20. Nxc6 Bxc6 21. Qe3 f6
22. exf6 e5 23. fxg7 Rf4 24. Qc5 Nf6 25. Bd3 d4 26. g5 Bxf3 27. Qxc7 Rxc7 28.
gxf6 Bxh1 29. Rg1 Rc8 30. Ne2 Rxf6 31. Rxh1 Rf3 32. Kd2 Rc7 33. Ra1 Kxg7 34. a4
Rh3 35. axb5 axb5 36. Rg1+ Kf6 37. Rf1+ Kg7 38. Rf5 Re7 39. Rg5+ Kf6 40. Rh5 e4
41. Bxb5 Re5 42. Rh6+ Kg7 43. Rb6 Rh2 44. Bc4 Rc5 45. b3 Ra5 46. b4 Ra3 47. Rd6
e3+ 48. Kc1 Ra4 49. Nxd4 Rh1+ 50. Kb2 Rxb4+ 51. Kc3 Rb8 52. Nf5+ Kh8 53. Re6 Rf8
54. Bd3 Rh3 55. Rxe3 Rxe3 56. Nxe3 Rf4 57. Nf5 Kg8 58. Kd2 Kf7 59. Ke3 Ra4 60.
c4 Ke6 61. Kd4 Ra1 62. Ne3 Rh1 63. Bxh7 Rxh4+ 64. Be4 Kd7 65. c5 Kc7 66. Nd5+
Kc6 67. Nc3+ Kd7 68. Kc4 Rh2 69. c6+ Kc7 70. Kc5 Rh6 71. Nb5+ 1-0

[Event "GRENKE Chess Open 2024"]
[Site "Karlsruhe GER"]
[Date "2024.03.31"]
[Round "6.11"]
[White "Fromm, Marius"]
[Black "Svane, Frederik"]
[Result "0-1"]
[WhiteTitle "IM"]
[BlackTitle "GM"]
[WhiteElo "2445"]
[BlackElo "2617"]
[WhiteFideId "12993190"]
[BlackFideId "12923044"]
[EventDate "2024.03.28"]

1. e4 c6 2. d4 d5 3. f3 e6 4. Nc3 Nd7 5. Be3 Bb4 6. Bd3 Ne7 7. a3 Ba5 8. Ne2
dxe4 9. fxe4 e5 10. Qd2 O-O 11. O-O-O b5 12. b4 exd4 13. Nxd4 Bb6 14. Nb3 Ng6
15. h4 Nge5 16. Be2 Qe7 17. h5 h6 18. Rh3 Kh7 19. Rg3 Bc7 20. Qe1 a5 21. Nc5
axb4 22. axb4 Bb6 23. Qf2 Nxc5 24. bxc5 Bc7 25. Rd6 Bxd6 26. cxd6 Qxd6 27. Bc5
Qd8 28. Nd1 Be6 29. Ne3 Ra1+ 30. Kb2 Ra2+ 31. Kb1 Qd2 32. Bxf8 Ra1+ 33. Kb2 Qd4+
34. c3 Qd2+ 35. Kxa1 Qc1# 0-1

[Event "GRENKE Chess Open 2024"]
[Site "Karlsruhe GER"]
[Date "2024.03.31"]
[Round "6.15"]
[White "Nasuta, Grzegorz"]
[Black "Pasti, Aron"]
[Result "1/2-1/2"]
[WhiteTitle "GM"]
[BlackTitle "IM"]
[WhiteElo "2552"]
[BlackElo "2373"]
[WhiteFideId "1141686"]
[BlackFideId "785857"]
[EventDate "2024.03.28"]

1. e4 e5 2. Nf3 Nc6 3. d4 exd4 4. Nxd4 Bc5 5. Nb3 Bb6 6. Nc3 Nge7 7. Bg5 f6 8.
Bh4 O-O 9. Qd2 a5 10. a4 d5 11. Nxd5 Nxd5 12. Bc4 Nb4 13. O-O Be6 14. exd5 Nxd5
15. Nd4 Bf7 16. Nf5 Qd7 17. Bxd5 Qxf5 18. Rad1 Qg4 19. Bg3 Rad8 20. Qf4 Bxf2+
21. Kxf2 Qxf4+ 22. Bxf4 Rxd5 23. Rh1 1/2-1/2

[Event "GRENKE Chess Open 2024"]
[Site "Karlsruhe GER"]
[Date "2024.03.31"]
[Round "6.23"]
[White "Pultinevicius, Paulius"]
[Black "Yelisieiev, Yevhenii"]
[Result "1/2-1/2"]
[WhiteTitle "GM"]
[BlackTitle "IM"]
[WhiteElo "2575"]
[BlackElo "2411"]
[WhiteFideId "12809390"]
[BlackFideId "14139642"]
[EventDate "2024.03.28"]

1. d4 d5 2. Nf3 Nf6 3. g3 Bf5 4. Bg2 h6 5. c4 c6 6. O-O e6 7. Nc3 Nbd7 8. Nd2
Be7 9. e4 dxe4 10. Ndxe4 Nxe4 11. Nxe4 Nf6 12. Nc3 O-O 13. Be3 Ng4 14. Bf4 Bd6
15. h3 Nf6 16. Be3 e5 17. d5 cxd5 18. Nxd5 Rc8 19. Qa4 Nxd5 20. Bxd5 Bxh3 21.
Rfd1 Qf6 22. Qxa7 Rfe8 23. Qxb7 Re7 24. Qa6 e4 25. Bf4 Rd8 26. Qb6 Ree8 27. Qe3
Qxb2 28. a4 Bg4 29. Qd4 Qb3 30. Rdb1 Qf3 31. Qe3 Bxf4 32. gxf4 Rd6 33. a5 Rg6
34. Kh2 Bf5 35. Qxf3 exf3 36. Rg1 Ra6 37. Bb7 Ra7 38. a6 Re2 39. c5 Be4 40. c6
Rxf2+ 41. Kg3 Rc2 42. Rac1 f2 43. Rgf1 Rxc1 44. Rxc1 Bxc6 45. Bxc6 Rxa6 46. Kxf2
g6 47. Ke3 Kg7 48. Ke4 Kf6 49. Rc4 Ra1 50. Bd5 Re1+ 51. Kf3 Re7 52. Ra4 Rd7 53.
Ra6+ Kg7 54. Ke4 Re7+ 55. Kd4 Rc7 56. Ke5 Re7+ 57. Kd6 Kf6 58. Ra1 Re8 59. Ra6
Rh8 60. Be4 Re8 61. Bd5 Rh8 62. Ra7 Rf8 63. Be4 Rd8+ 64. Kc5 Re8 65. Kd4 Re7 66.
Ra5 Rd7+ 67. Ke3 Re7 68. Rd5 Ra7 69. Bd3 Re7+ 70. Kd4 Ra7 71. Rd8 Re7 72. Rh8
Kg7 73. Ra8 Kf6 74. Bc4 Kf5 75. Rf8 Kf6 76. Kd5 Rd7+ 77. Kc6 Kg7 78. Ra8 Rd4 79.
Be2 Rxf4 80. Kd5 Rf2 81. Re8 Rf5+ 82. Ke4 Rf6 83. Re5 Re6 84. Rxe6 fxe6 85. Ke5
h5 1/2-1/2

[Event "GRENKE Chess Open 2024"]
[Site "Karlsruhe GER"]
[Date "2024.03.31"]
[Round "6.24"]
[White "Meshkovs, Nikita"]
[Black "Zuferi, Enis"]
[Result "1/2-1/2"]
[WhiteTitle "GM"]
[BlackTitle "FM"]
[WhiteElo "2556"]
[BlackElo "2400"]
[WhiteFideId "11602740"]
[BlackFideId "24692530"]
[EventDate "2024.03.28"]

1. d4 Nf6 2. c4 e6 3. Nc3 Bb4 4. e3 O-O 5. Bd3 d5 6. cxd5 exd5 7. Ne2 Re8 8. Bd2
c6 9. Qc2 a5 10. O-O Na6 11. a3 Bd6 12. f3 c5 13. Rad1 Bd7 14. Bb5 Rc8 15. Qa4
Bc6 16. Bxc6 bxc6 17. Qc2 Qb6 18. Kh1 h6 19. Bc1 Qb8 20. Qf5 cxd4 21. exd4 Re6
22. Bf4 Rce8 23. Bxd6 Qxd6 24. Qd3 Nc7 25. Ng3 g6 26. Qd2 h5 27. Qg5 Nh7 28. Qd2
Nf6 29. Qg5 Nh7 30. Qd2 1/2-1/2

[Event "GRENKE Chess Open 2024"]
[Site "Karlsruhe GER"]
[Date "2024.03.31"]
[Round "6.46"]
[White "Kozul, Zdenko"]
[Black "Tifferet, Shakked"]
[Result "0-1"]
[WhiteTitle "GM"]
[BlackTitle "FM"]
[WhiteElo "2529"]
[BlackElo "2310"]
[WhiteFideId "14502879"]
[BlackFideId "2811529"]
[EventDate "2024.03.28"]

1. d4 Nf6 2. c4 e6 3. g3 d5 4. Bg2 Bb4+ 5. Nd2 O-O 6. Nf3 b6 7. O-O Bb7 8. cxd5
exd5 9. Qa4 Bd6 10. Ne5 Nc6 11. Nxc6 Qd7 12. Qc2 Bxc6 13. Nf3 Rfe8 14. Bf4 Bb5
15. Bxd6 cxd6 16. Rfe1 Rac8 17. Qd1 Rc7 18. Nd2 Qg4 19. Nb1 Bxe2 20. Qd2 Rce7
21. Nc3 Bf3 22. Rxe7 Rxe7 23. h3 Qf5 24. Re1 Rxe1+ 25. Qxe1 Bxg2 26. Kxg2 h5 27.
Nb5 Ne4 28. h4 Qd7 29. Qe2 g6 30. f3 Nf6 31. Nc3 Kg7 32. Qd2 b5 33. Nd1 Ng8 34.
Qa5 Nh6 35. Nc3 Qe6 36. Qxb5 Nf5 37. Qe2 Nxd4 38. Qxe6 fxe6 39. b4 Nc2 40. b5
Na3 41. Kf2 d4 42. Ne4 Nxb5 43. a4 d5 44. Nc5 Nc7 45. f4 Kf6 46. Kf3 Kf5 47. Nd3
Na6 48. a5 Kf6 49. Ke2 Kf5 50. Kf3 Nc7 51. Ne5 Nb5 52. Nc6 d3 53. Ne7+ Kf6 54.
Nc6 a6 55. Ke3 Kf5 56. Ne5 Nd6 57. Kxd3 Nb7 58. Nc6 Kg4 59. Nb4 Kxg3 60. Nxa6
Nxa5 61. Nc5 Kxh4 62. Nxe6 Kg3 63. Ke2 Nc6 64. Nf8 0-1

[Event "GRENKE Chess Open 2024"]
[Site "Karlsruhe GER"]
[Date "2024.03.31"]
[Round "7.1"]
[White "Anton Guijarro, David"]
[Black "Saric, Ivan"]
[Result "1/2-1/2"]
[WhiteTitle "GM"]
[BlackTitle "GM"]
[WhiteElo "2671"]
[BlackElo "2670"]
[WhiteFideId "2285525"]
[BlackFideId "14508150"]
[EventDate "2024.03.28"]

1. e4 c5 2. Nf3 d6 3. Bb5+ Nd7 4. Ba4 Nf6 5. O-O e6 6. d3 Be7 7. c4 O-O 8. Nc3
a6 9. Qe2 Qc7 10. h3 Rd8 11. Nh2 Ne5 12. f4 Nc6 13. Bxc6 Qxc6 14. b3 b5 15. Bb2
Ra7 16. Rae1 Ne8 17. Ng4 b4 18. Na4 Bh4 19. Rd1 f5 20. Nh2 Rf7 21. Nf3 Be7 22.
e5 d5 23. d4 dxc4 24. Qxc4 a5 25. dxc5 Ba6 26. Nd4 Rxd4 27. Qxd4 Bxf1 28. Rxf1
Nc7 29. Kh2 Nd5 30. Bc1 Rf8 31. Rf2 Rc8 32. Rc2 h6 33. Qd3 Kf7 34. Qf3 g6 35.
Rc4 Qb5 36. Be3 Rc6 37. g4 Nxe3 38. Qxe3 Qb7 39. gxf5 exf5 40. Qd3 Qc8 41. Rd4
Qe6 42. Qf3 g5 43. Kg2 Rc8 44. Kf1 gxf4 45. Rxf4 Bg5 46. Rxf5+ Kg6 47. h4 Rd8
48. c6 Bxh4 49. Qg4+ Kh7 50. Nc5 Rd1+ 51. Qxd1 Qxf5+ 52. Kg2 Qg6+ 53. Kf1 Qf5+
54. Kg2 Qg6+ 55. Kf1 1/2-1/2

[Event "GRENKE Chess Open 2024"]
[Site "Karlsruhe GER"]
[Date "2024.03.31"]
[Round "7.14"]
[White "Krstulovic, Alex"]
[Black "Vavulin, Maxim"]
[Result "0-1"]
[WhiteTitle "IM"]
[BlackTitle "GM"]
[WhiteElo "2431"]
[BlackElo "2538"]
[WhiteFideId "760056"]
[BlackFideId "4169530"]
[EventDate "2024.03.28"]

1. d4 g6 2. c4 Bg7 3. Nf3 d6 4. Nc3 Bg4 5. e4 Bxf3 6. gxf3 e5 7. dxe5 Bxe5 8.
Be3 Nd7 9. Qd2 Bg7 10. O-O-O Ngf6 11. Be2 O-O 12. f4 a6 13. Kb1 Qb8 14. c5 b5
15. cxd6 b4 16. dxc7 Qxc7 17. Na4 Qa5 18. Qc2 Rac8 19. Qb3 Rfd8 20. f3 Bf8 21.
e5 Nh5 22. e6 Nc5 23. exf7+ Kg7 24. Nxc5 Bxc5 25. Rd5 Nf6 26. Re5 Qb6 27. Re6
Qa7 28. Rxa6 Qe7 29. Bxc5 Rxc5 30. Re6 Qxf7 31. Re3 Qc7 32. Rd3 Re8 33. Qd1 Qxf4
34. Rd4 Qe3 35. Bc4 Rec8 36. Re1 Qf2 37. Re7+ Kh6 38. b3 Qxh2 39. Re6 Ra8 40.
Qc1+ Rg5 41. Be2 Qg1 42. Rd1 Qg2 43. Rh1+ Nh5 44. Rh4 Ra5 45. Rxb4 Rc5 46. Qd2
Rd5 47. Qc1 Rc5 48. Qd2 Rd5 49. Qe3 Qh1+ 50. Kb2 Ng7 51. Ree4 Nf5 52. Qc1 Qh2
53. Qe1 Rg1 54. Qc3 Rgd1 55. Ka3 R1d2 56. Qc1 Qd6 57. Ka4 Qc6+ 0-1

[Event "GRENKE Chess Open 2024"]
[Site "Karlsruhe GER"]
[Date "2024.03.31"]
[Round "7.29"]
[White "Sarrau, Jelle"]
[Black "Parkhov, Yair"]
[Result "1/2-1/2"]
[WhiteTitle "FM"]
[BlackTitle "IM"]
[WhiteElo "2375"]
[BlackElo "2518"]
[WhiteFideId "207608"]
[BlackFideId "2813408"]
[EventDate "2024.03.28"]

1. e4 c5 2. Nf3 d6 3. Bb5+ Nd7 4. c3 Nf6 5. Qe2 a6 6. Ba4 b5 7. Bc2 e5 8. d4 Be7
9. O-O O-O 10. Rd1 Qc7 11. d5 c4 12. b3 a5 13. h3 cxb3 14. axb3 b4 15. Be3 Ba6
16. Bd3 Bxd3 17. Qxd3 Nc5 18. Bxc5 Qxc5 19. cxb4 axb4 20. Nbd2 Qc3 21. Qb1 Rxa1
22. Qxa1 Rc8 23. Qa6 Qc5 1/2-1/2

[Event "GRENKE Chess Open 2024"]
[Site "Karlsruhe GER"]
[Date "2024.04.01"]
[Round "8.12"]
[White "Bluebaum, Matthias"]
[Black "Nevednichy, Vladislav"]
[Result "1-0"]
[WhiteTitle "GM"]
[BlackTitle "GM"]
[WhiteElo "2655"]
[BlackElo "2445"]
[WhiteFideId "24651516"]
[BlackFideId "1205730"]
[EventDate "2024.03.28"]

1. d4 d6 2. Nf3 g6 3. c4 Bg7 4. Nc3 c5 5. dxc5 dxc5 6. Qxd8+ Kxd8 7. Bd2 Nc6 8.
O-O-O Ke8 9. g3 Bd7 10. Bg2 Rc8 11. Ne1 b6 12. b3 Nb4 13. a3 Nc6 14. e3 Nh6 15.
Nd3 Ng4 16. h3 Nge5 17. Ne1 Na5 18. Kc2 Bf5+ 19. Ne4 Nec6 20. g4 Bd7 21. Bc3
Bxc3 22. Kxc3 f5 23. gxf5 gxf5 24. Ng3 e6 25. Nd3 Ke7 26. Rhg1 Rhg8 27. Bf3 Nb8
28. Rg2 Bc6 29. Rdg1 Rgf8 30. Bxc6 Naxc6 31. Nh5 Rf7 32. Rg7 Rf8 33. b4 Nd7 34.
bxc5 Nxc5 35. Nxc5 bxc5 36. Rxf7+ Rxf7 37. Nf4 Ne5 38. Rg8 Kd6 39. Rc8 Rb7 40.
Rg8 Rb1 41. Re8 Kd7 42. Rxe6 Ng6 43. Ra6 Nxf4 44. Rxa7+ Kd6 45. exf4 Rf1 46.
Ra6+ Ke7 47. Rc6 Rxf2 48. Rxc5 Rxf4 49. Rc7+ Kd6 50. Rxh7 Rf1 51. h4 Kc5 52.
Rc7+ Kd6 53. Rc8 Rh1 54. Rh8 Ke5 55. h5 f4 56. h6 f3 57. h7 f2 58. Rf8 Rxh7 59.
Rxf2 Kd6 60. Rf5 Kc6 61. Kb4 Rb7+ 62. Rb5 Rh7 63. Rc5+ Kb6 64. Rg5 Rh1 65. Rg6+
Kb7 66. Kb5 Rb1+ 67. Kc5 Ra1 68. Rb6+ Kc7 69. Rb3 Ra2 70. Rh3 Kb7 71. Rh7+ Ka6
72. Kb4 Rb2+ 73. Kc3 Rb1 74. Rh6+ Ka7 75. Rg6 Rc1+ 76. Kb4 Rb1+ 77. Kc5 Ra1 78.
Rg3 Kb7 79. Rh3 Ra2 80. Rb3+ Kc7 81. Kb5 Kb7 82. a4 Rh2 83. Rg3 Rb2+ 84. Kc5 Rb1
85. Rg7+ Ka6 86. Rg8 Rh1 87. Rg6+ Kb7 88. a5 Rh5+ 89. Kb4 Rf5 90. Rb6+ Kc7 91.
Rb5 Rf6 92. Rh5 Rf1 93. Rh7+ Kc6 94. Rh6+ Kb7 95. Kb5 Rb1+ 96. Kc5 Ra1 97. Rh7+
Ka6 98. Kc6 Rxa5 99. Rh1 Ka7 100. c5 Ka8 101. Kb6 1-0

[Event "GRENKE Chess Open 2024"]
[Site "Karlsruhe GER"]
[Date "2024.04.01"]
[Round "8.20"]
[White "Petrovskyi, Vadym"]
[Black "Engel, Luis"]
[Result "0-1"]
[WhiteTitle "IM"]
[BlackTitle "GM"]
[WhiteElo "2421"]
[BlackElo "2547"]
[WhiteFideId "14165210"]
[BlackFideId "12961523"]
[EventDate "2024.03.28"]

1. d4 Nf6 2. Nf3 d5 3. c4 e6 4. Nc3 c6 5. e3 Nbd7 6. Qc2 Bd6 7. Bd3 dxc4 8. Bxc4
b5 9. Bd3 Bb7 10. O-O O-O 11. a4 b4 12. Ne4 Nxe4 13. Bxe4 f5 14. Bd3 c5 15. Qe2
Kh8 16. b3 e5 17. dxe5 Bxf3 18. gxf3 Bxe5 19. Bb2 Qg5+ 20. Kh1 Qh5 21. Bxe5 Nxe5
22. Rg1 Nxf3 23. Rg2 Rf6 24. Qb2 Rg6 25. Be2 Qh3 26. Bxf3 Qxf3 27. Rg1 Rd8 0-1

[Event "GRENKE Chess Open 2024"]
[Site "Karlsruhe GER"]
[Date "2024.04.01"]
[Round "8.22"]
[White "Hrbek, Stepan"]
[Black "Vogel, Roven"]
[Result "1/2-1/2"]
[WhiteTitle "IM"]
[BlackTitle "IM"]
[WhiteElo "2417"]
[BlackElo "2521"]
[WhiteFideId "393479"]
[BlackFideId "12908088"]
[EventDate "2024.03.28"]

1. e4 c5 2. Nf3 d6 3. Bb5+ Nd7 4. a4 Nf6 5. Nc3 a6 6. Be2 b6 7. d4 cxd4 8. Qxd4
Bb7 9. O-O e5 10. Qe3 Nc5 11. Nd2 Be7 12. b3 O-O 13. Bb2 Ne6 14. Rfd1 Nd4 15.
Bd3 Nh5 16. Nf3 Rc8 17. Ne2 Nxc2 18. Bxc2 Rxc2 19. Bxe5 Nf6 20. Ned4 Ng4 21. Qe1
Nxe5 22. Nxc2 Nxf3+ 23. gxf3 Bf6 24. Rac1 Be5 25. Ne3 Qh4 26. Nf1 Bc8 27. Rxc8
Rxc8 28. Qd2 g6 29. Rc1 Rc5 30. Rxc5 dxc5 31. Qd7 Kg7 32. Qd3 Qg5+ 33. Kh1 Qc1
34. Kg2 Bd4 35. Ne3 Qb2 36. Nd1 Qa2 37. Kg3 h5 38. h4 Qa1 39. f4 b5 40. axb5
axb5 41. Ne3 Bxe3 42. fxe3 Qg1+ 43. Kf3 Qg4+ 44. Kf2 Qxh4+ 45. Kg2 Qg4+ 46. Kh2
b4 47. Qd5 Qe2+ 48. Kh1 Qxe3 49. Qe5+ Kh7 50. f5 Qf3+ 51. Kh2 gxf5 52. exf5 Qxb3
53. Qxc5 Qb2+ 54. Kh1 b3 55. Qd5 Qc1+ 56. Kg2 Qg5+ 57. Kf1 Qc1+ 58. Kg2 Qb2+ 59.
Kh1 Kg7 60. f6+ Kxf6 61. Qf3+ Ke6 62. Qe3+ Kd5 63. Qf3+ Kd6 64. Qd3+ Kc5 65.
Qf5+ Kd6 66. Qd3+ Ke7 67. Qe3+ Kf8 68. Qc5+ Kg8 69. Qg5+ Qg7 70. Qd8+ Qf8 71.
Qg5+ Kh7 72. Qf5+ Kh8 73. Qxh5+ Kg8 74. Qg5+ Qg7 75. Qd8+ Kh7 76. Qd3+ Qg6 77.
Qxb3 f5 78. Qh3+ Kg7 79. Qg3 Kh6 80. Qxg6+ Kxg6 81. Kg2 f4 82. Kf3 Kf5 83. Kf2
Kg4 84. Kg2 f3+ 85. Kf2 Kf4 86. Kf1 f2 87. Kxf2 1/2-1/2

[Event "GRENKE Chess Open 2024"]
[Site "Karlsruhe GER"]
[Date "2024.04.01"]
[Round "9.5"]
[White "Sjugirov, Sanan"]
[Black "Pultinevicius, Paulius"]
[Result "1/2-1/2"]
[WhiteTitle "GM"]
[BlackTitle "GM"]
[WhiteElo "2690"]
[BlackElo "2575"]
[WhiteFideId "4189302"]
[BlackFideId "12809390"]
[EventDate "2024.03.28"]

1. e4 c6 2. d4 d5 3. Nc3 dxe4 4. Nxe4 Nf6 5. Nxf6+ exf6 6. c3 Bd6 7. Bd3 O-O 8.
Ne2 Re8 9. O-O Nd7 10. Ng3 g6 11. Ne4 Be7 12. Re1 Nf8 13. Bh6 Ne6 14. Qf3 f5 15.
Nd2 Bf8 16. Bxf8 Nxf8 17. Nc4 Rxe1+ 18. Rxe1 Be6 19. Qg3 b6 20. h4 c5 21. dxc5
bxc5 22. h5 f4 23. Qf3 Rb8 24. Re5 Rc8 25. Re2 Qg5 26. Re4 Rd8 27. Bf1 gxh5 28.
Rxf4 Ng6 29. Re4 h4 30. Qe3 Qxe3 31. Nxe3 Rd2 32. f4 Bxa2 33. f5 Nf8 34. Ra4
Rxb2 35. Rxa7 Kg7 36. Rc7 h5 37. Bc4 Bxc4 38. Nxc4 Rb1+ 39. Kf2 Nh7 40. Nd6 Ng5
41. Ne8+ Kf8 42. Nf6 h3 43. gxh3 h4 44. Rxc5 Nxh3+ 45. Kf3 Rg1 46. Ne4 Kg7 47.
Rc4 Ng5+ 48. Nxg5 Rxg5 49. Rxh4 Rxf5+ 50. Ke4 1/2-1/2

[Event "GRENKE Chess Open 2024"]
[Site "Karlsruhe GER"]
[Date "2024.04.01"]
[Round "9.10"]
[White "Costa, Leonardo"]
[Black "Chigaev, Maksim"]
[Result "0-1"]
[WhiteTitle "FM"]
[BlackTitle "GM"]
[WhiteElo "2479"]
[BlackElo "2617"]
[WhiteFideId "16213955"]
[BlackFideId "4108116"]
[EventDate "2024.03.28"]

1. e4 e5 2. Nf3 Nc6 3. Bb5 a6 4. Ba4 Nf6 5. O-O Be7 6. d3 d6 7. c3 O-O 8. Re1
Re8 9. h3 b5 10. Bc2 h6 11. Nbd2 Bf8 12. d4 Bb7 13. d5 Nb8 14. b3 Nbd7 15. Nf1
c6 16. c4 Qc7 17. Ng3 Nc5 18. Be3 Rec8 19. Rc1 bxc4 20. bxc4 cxd5 21. cxd5 Qd8
22. Nd2 a5 23. Bb1 Nfd7 24. Nf5 Ba6 25. Nc4 Bxc4 26. Rxc4 Kh7 27. Qd2 Rab8 28.
h4 Rb4 29. Rec1 Rcb8 30. Rxb4 Rxb4 31. a3 Rb3 32. a4 Rb4 33. Bc2 h5 34. Bg5 Qe8
35. Rb1 g6 36. Ng3 Qb8 37. Qc1 Rxb1 38. Qxb1 Qxb1+ 39. Bxb1 Nxa4 40. Bd8 Nab6
41. Ne2 Bh6 42. Bc7 Nc4 43. Nc3 Bd2 44. Na4 Bb4 45. f3 Nc5 46. Nb6 Na3 47. Ba2
Nb5 48. Bb8 Na6 49. Nd7 Nxb8 50. Nxb8 Nc3 51. Bc4 a4 52. Nc6 Bc5+ 0-1

[Event "GRENKE Chess Open 2024"]
[Site "Karlsruhe GER"]
[Date "2024.04.01"]
[Round "9.12"]
[White "Kazakouski, Valery"]
[Black "Tiglon, Bryce"]
[Result "0-1"]
[WhiteTitle "GM"]
[BlackTitle "IM"]
[WhiteElo "2608"]
[BlackElo "2509"]
[WhiteFideId "13507443"]
[BlackFideId "2087456"]
[EventDate "2024.03.28"]

1. d4 Nf6 2. c4 g6 3. Nc3 d5 4. Nf3 Bg7 5. Bg5 Ne4 6. Bf4 O-O 7. e3 c5 8. cxd5
Nxc3 9. bxc3 Qxd5 10. Be2 cxd4 11. cxd4 Nc6 12. O-O Qa5 13. Nd2 0-1

[Event "GRENKE Chess Open 2024"]
[Site "Karlsruhe GER"]
[Date "2024.04.01"]
[Round "9.47"]
[White "Krstulovic, Alex"]
[Black "Kostov, Deyan Samuil"]
[Result "0-1"]
[WhiteTitle "IM"]
[BlackTitle "FM"]
[WhiteElo "2431"]
[BlackElo "2328"]
[WhiteFideId "760056"]
[BlackFideId "30909015"]
[EventDate "2024.03.28"]

1. d4 d5 2. Nf3 Nf6 3. e3 e6 4. Bd3 c5 5. b3 Be7 6. Bb2 O-O 7. dxc5 Bxc5 8. Nbd2
b6 9. O-O Bb7 10. c4 dxc4 11. Nxc4 Nc6 12. Qe2 Nb4 13. Bb1 b5 14. Nce5 a6 15.
Rd1 Qe7 16. a3 Nbd5 17. Nd3 Ba7 18. e4 Nxe4 19. Qxe4 Ne3 20. Qxe3 Bxe3 21. fxe3
Rfd8 22. Bd4 Bxf3 23. gxf3 Qg5+ 24. Kh1 f6 25. Ra2 e5 26. Bb6 Qh5 27. Rf1 Rd6
28. Ba5 Rc8 29. Rg2 Qh6 30. Rfg1 g6 31. Bb4 Rdc6 32. Bd2 Rd8 33. Ba5 Rdc8 34.
Bd2 Kg7 35. Nf2 Kh8 36. Be4 R6c7 37. Bd5 Rc2 38. Ng4 Qf8 39. e4 Qxa3 40. Ne3
R2c7 41. Ng4 Rc2 42. Nh6 Rxd2 43. Rxd2 Rc1 44. Rg2 Rxg1+ 45. Rxg1 Qb2 46. Nf7+
Kg7 47. Rf1 h5 48. Kg1 h4 49. Rf2 Qc1+ 50. Kg2 Qe3 51. Nd8 h3+ 52. Kg3 Qe1 53.
Ne6+ Kh6 54. f4 a5 55. fxe5 fxe5 56. Kf3 g5 57. Ra2 Qg1 58. b4 g4+ 59. Ke2 Qxh2+ 0-1